| 000 | 00677nam a22002537a 4500 | ||
|---|---|---|---|
| 003 | UA-OsUOA | ||
| 001 | 20892 | ||
| 007 | ta | ||
| 008 | 20031107b un ||||| |||| 00| 0 ukr d | ||
| 100 | _aБойко О.Д. | ||
| 090 |
_a94(477)(075.8) _bБ77 |
||
| 942 | _cBK | ||
| 040 |
_aUA-OsUOA _bukr _cUA-OsUOA _dUA-OsUOA |
||
| 245 |
_aІсторія України _bПосібник для студентів вищих навчальних закладів |
||
| 300 | _a568 с. | ||
| 955 | _a0 | ||
| 041 | _aukr | ||
| 080 | _a94(477)(075.8) | ||
| 020 | _a966-580-028-0 | ||
| 260 |
_aКиїв _bАкадемія _c1999 |
||
| 044 | _aUA | ||
| 650 | 7 | _2UDC | |
| 999 |
_c307080 _d307080 |
||